| 000 | 01333cam a22002774a 4500 | ||
|---|---|---|---|
| 999 |
_c26377 _d26377 |
||
| 001 | 15822594 | ||
| 003 | OSt | ||
| 005 | 20170204100152.0 | ||
| 008 | 090717s2010 caua b 000 0 eng | ||
| 010 | _a 2009029579 | ||
| 020 | _a9781932907674 | ||
| 040 |
_aDLC _cDLC _dDLC |
||
| 050 | 0 | 0 |
_aNC1002.S85 _bB44 2010 |
| 082 | 0 | 0 |
_a791.4302/3 _222 |
| 100 | 1 |
_aBegleiter, Marcie, _d1954- |
|
| 245 | 1 | 0 |
_aFrom word to image : _bstoryboarding and the filmmaking process / _cby Marcie Begleiter. |
| 250 | _a2nd ed. | ||
| 260 |
_aStudio City, CA : _bMichael Wiese Productions, _cc2010. |
||
| 300 |
_axiii, 266 p. : _bill. (some col.) ; _c26 cm. |
||
| 504 | _aIncludes bibliographical references. | ||
| 505 | 0 | _aIntroduction -- Storyboards in preproduction -- Text, image, and diagram -- Aspect ratio -- The extended frame -- Composition -- Color -- Perspective -- Figure notation -- Getting a gig. | |
| 650 | 0 | _aStoryboards. | |
| 650 | 0 |
_aCommercial art _xTechnique. |
|
| 906 |
_a7 _bcbc _corignew _d1 _eecip _f20 _gy-gencatlg |
||
| 942 |
_2lcc _cBOOKS _hNC 1002 .S85B44 2010 |
||